A bibliography of multivariate statistical analysis /
Guardado en:
| Autor Principal: | |
|---|---|
| Otros Autores: | , |
| Formato: | Libro |
| Idioma: | English |
| Publicado: |
New York :
Wiley,
1972.
|
| Materias: | |
| Etiquetas: |
Agregar Etiqueta
Sin Etiquetas, Sea el primero en etiquetar este registro!
|
| LEADER | 00902pam a2200253 a 4500 | ||
|---|---|---|---|
| 001 | MAT.inmabb004623 | ||
| 008 | 720908s1972####nyu######b####001#0#eng## | ||
| 005 | 20160413113428.0 | ||
| 245 | 1 | 2 | |a A bibliography of multivariate statistical analysis / |c T. W. Anderson, Somesh Das Gupta, George P. H. Styan. |
| 260 | |a New York : |b Wiley, |c 1972. | ||
| 300 | |a x, 642 p. ; |c 26 cm. | ||
| 500 | |a "A Halsted Press book." | ||
| 500 | |a Publicado originalmente: Edinburgh : Oliver and Boyd, 1972. | ||
| 510 | 4 | |a MR, |c 56 #1585 | |
| 020 | |a 0470026502 | ||
| 100 | 1 | |a Anderson, T. W. |q (Theodore Wilbur), |d 1918- | |
| 700 | 1 | |a Das Gupta, Somesh. | |
| 700 | 1 | |a Styan, George Peter Hansbenno. | |
| 246 | 1 | |i Forma abreviada del título: |a Abomsa | |
| 650 | 0 | |a Multivariate analysis |x Bibliography. | |
| 084 | |a 62Hxx |2 msc2000 | ||
| 010 | |a 72005950 | ||
| 040 | |a DLC |c DLC |d DLC | ||
| 859 | |h 62 |i An545b |p A-4202 |b BIB. MATEMATICA | ||
